000
00327 a2200145 4500
001
60849
020
_a
040
_c
Anchieta - Pituba
240
1
0
_a
Studying in Germany
_l
eng
245
1
0
_a
Studying in Germany
300
_a
72
362
0
_a
2006
650
4
_a
Línguas germânicas (teutônicas) língua alemã
942
_c
BK
999
_c
60849
_d
60849